Pokémon - Les attaques de Mastouffe - Statistiques

Statistiques générales
  • Ce quiz a été pris 18 fois
  • Le résultat moyen est 12 sur 17
Statistiques - réponses
Niveaux Types Noms des attaques % Correct
Départ Normal Charge
100%
Départ Feu Crocs Feu
100%
Départ Glace Crocs Givre
100%
Niveau 30 Ténèbres Mâchouille
100%
Départ Ténèbres Morsure
100%
Départ Électrique Crocs Éclair
93%
Niveau 78 Normal Giga Impact
93%
Niveau 38 Normal Bélier
79%
Niveau 24 Fée Câlinerie
79%
Niveau 19 Fée Regard Touchant
79%
Niveau 12 Normal Vengeance
64%
Départ Normal Groz'Yeux
57%
Départ Normal Rengorgement
50%
Niveau 62 Normal Hurlement
43%
Niveau 54 Combat Contre
29%
Niveau 70 Normal Dernier Recours
29%
Niveau 46 Normal Coup d'Main
14%
Aucun quiz correspondant
Distribution des résultats
% des personnes avec chaque résultat
Percentile par nombre de réponses
Votre historique - résultats
Vous n’avez pas pris ce quiz